000 004170000a22001690004500
003 MACL
005 20160108143749.0
008 160108b xxu||||| |||| 00| 0 eng d
040 _aMACL
_cMACL
041 _aEnglish
082 _a920/GAM,
100 _aGamow, George
_929832
245 _aBiography of The Earth
260 _bMachmillan & co
_c1959
_aU.S.A
650 _aBiography
_929833
942 _cBK
_k920/Gam
_2ddc
999 _c35724
_d35724